000 00705nam a2200241 i 4500
001 61650
003 ES-MaACL
005 20230906164517.0
007 t|
008 031113s1967 sp ||||1| spa d
080 _a940.42:355.405.2(73)
100 1 _aFarago, Ladislas.
_948823
245 1 3 _aEl sello roto /
_cLadislas Farago ; [traducción, Baldomero Porta].
250 _a1ª ed.
260 _aBarcelona :
_bBruguera,
_c1967.
300 _a446 p. ;
_c21 cm.
490 1 _aCírculo azul
650 _aGuerra mundial, 1939-1945-
_xServicios secretos.
_9140031
700 1 _aPorta, Baldomero.
_993173
830 1 _aCírculo azul
_9182808
852 _aES-MaACL
_jC-34100
999 _c61650
_d61650